| 000 | 00559cam a22001934a 4500 | ||
|---|---|---|---|
| 001 | 4521761 | ||
| 005 | 20250320140623.0 | ||
| 008 | 990312s2000 ohua bi 001 0 eng | ||
| 020 | _a0324007035 (pbk. : alk. paper) | ||
| 050 | 0 | 0 |
_aHD31 _b.D793 2000 |
| 082 | 0 | 0 |
_a658 _221 |
| 100 | 1 | _aDuBrin, Andrew J. | |
| 245 | 1 | 0 |
_aEssentials of management / _cAndrew J. DuBrin. |
| 250 | _a5th ed. | ||
| 260 |
_aCincinnati : _bSouth-Western College Pub., _c2000. |
||
| 300 |
_axviii, 472 p. : _bill. (some col.) ; _c26 cm. |
||
| 650 | 0 | _aManagement. | |
| 942 |
_2lcc _cBK _n0 |
||
| 999 |
_c5012 _d5012 |
||